[Event "57th Biel Rapid Open"]
[Site "Biel SUI"]
[Date "2024.07.14"]
[Round "4.11"]
[White "Assaubayeva, Bibisara"]
[Black "Rosen, Eric"]
[Result "1/2-1/2"]
[WhiteTitle "IM"]
[BlackTitle "IM"]
[WhiteElo "2472"]
[BlackElo "2374"]
[WhiteFideId "13708694"]
[BlackFideId "2032562"]
[EventDate "2024.07.14"]
[EventType "swiss"]

1. c4 e6 2. Nf3 d5 3. g3 d4 4. Bg2 Nc6 5. O-O Nh6 6. e3 Nf5 7. e4 Nfe7 8. d3 Ng6
9. Na3 e5 10. Nc2 a5 11. b3 Be7 12. a3 O-O 13. Rb1 Bg4 14. h3 Be6 15. b4 Qc8 16.
Kh2 a4 17. Ng5 Bxg5 18. Bxg5 b5 19. c5 Bb3 20. Qe2 Ra6 21. Ne1 Nce7 22. h4 Re8
23. Bd2 Nf8 24. Nf3 f6 25. Ng1 Kh8 26. Nh3 Be6 27. f4 Bg4 28. Qf2 h6 29. Ng1 Qe6
30. Rb2 Nh7 31. f5 Qf7 32. Bf3 h5 33. Qe2 Bxf3 34. Qxf3 g5 35. hxg5 fxg5 36. g4
h4 37. Qg2 Qf6 38. Nf3 Nc6 39. Kg1 Rg8 40. Kf2 Nd8 41. Rh1 Nf7 42. Ke2 Rg7 43.
Rh3 Kg8 44. Qf2 Kf8 45. Rb1 Qe7 46. Qg2 1/2-1/2

[Event "57th Biel Rapid Open"]
[Site "Biel SUI"]
[Date "2024.07.14"]
[Round "4.12"]
[White "Saraci, Nderim"]
[Black "Zargarov, Mikayel"]
[Result "1-0"]
[WhiteTitle "IM"]
[WhiteElo "2447"]
[BlackElo "2033"]
[WhiteFideId "6351921"]
[BlackFideId "1342410"]
[EventDate "2024.07.14"]
[EventType "swiss"]

1. c4 e5 2. Nf3 Nc6 3. d4 exd4 4. Nxd4 Nf6 5. Nc3 Bc5 6. e3 O-O 7. Be2 d6 8. O-O
Re8 9. Nb3 Bb6 10. Na4 Bf5 11. Bd2 Qe7 12. Nxb6 axb6 13. f3 h6 14. e4 Bg6 15.
Bc3 Nd7 16. Nc1 f5 17. Qd5+ Kh8 18. exf5 Bf7 19. Qd2 Qe3+ 20. Qxe3 Rxe3 21. Kf2
Rae8 22. Re1 Nc5 23. Nb3 Na4 24. Bf1 Rxe1 25. Rxe1 Rxe1 26. Kxe1 Nxc3 27. bxc3
Kg8 28. Kf2 Kf8 29. Ke3 Ke7 30. g4 Ne5 31. Nd2 Kd7 32. Be2 Ke7 33. f4 Nd7 34. h4
Nc5 35. g5 Nd7 36. Ne4 h5 37. Ng3 c6 38. Kd4 c5+ 39. Ke3 d5 40. cxd5 Bxd5 41. a3
Nb8 42. Nxh5 Kf7 43. f6 g6 44. Ng7 Nd7 45. h5 Nxf6 46. gxf6 Kxf6 47. h6 Bf7 48.
Bc4 Bxc4 49. Ne8+ Kf7 50. h7 1-0

[Event "57th Biel Rapid Open"]
[Site "Biel SUI"]
[Date "2024.07.14"]
[Round "4.13"]
[White "Naarden, Amindo"]
[Black "Macovei, Andrei"]
[Result "0-1"]
[BlackTitle "IM"]
[WhiteElo "1993"]
[BlackElo "2479"]
[WhiteFideId "1018507"]
[BlackFideId "13904680"]
[EventDate "2024.07.14"]
[EventType "swiss"]

1. c4 c5 2. Nc3 Nf6 3. g3 d5 4. cxd5 Nxd5 5. Bg2 Nc7 6. Nf3 Nc6 7. O-O e5 8. d3
Be7 9. Be3 O-O 10. Rc1 Bd7 11. Ne4 b6 12. Qd2 Rc8 13. b3 Nd5 14. Nc3 Nxe3 15.
fxe3 Be6 16. Rf2 Qd7 17. Rcf1 Rcd8 18. e4 h6 19. h4 Qc7 20. Kh2 Qc8 21. Qb2 a6
22. Nd1 Bf6 23. Ne3 b5 24. Rc1 Nd4 25. Nxd4 exd4 26. Nf5 h5 27. Qd2 Qc7 28. Nh6+
Kh8 29. Rxf6 gxf6 30. Rf1 Kg7 31. Rxf6 Rh8 32. Qg5+ Kf8 33. Rxe6 fxe6 34. Qf6+
Ke8 35. Qxh8+ Kd7 36. Qf6 Re8 37. Bh3 Qd6 38. Nf7 Qe7 39. Ne5+ Kc7 40. Qf4 Kb6
41. Ng6 Qd8 42. e5 Ka5 43. Qd2+ Kb6 44. Bg2 Qc7 45. Qf4 Ka5 46. Qe4 Kb4 47. Qf4
Ka3 48. Qd2 Rg8 49. Be4 Re8 50. Nf4 Qxe5 51. Qc2 Rf8 52. b4 Kxb4 53. Qb3+ Ka5
54. Nxe6 Rf2+ 55. Bg2 Rxe2 56. Nf4 Re3 57. Qb2 b4 58. a3 Kb5 59. axb4 cxb4 60.
Qc2 Qc5 61. Qa2 a5 62. Bd5 a4 63. Bb3 axb3 64. Qxb3 Re1 65. Kg2 Rc1 66. Kf3 Qc2
67. Qd5+ Ka4 68. Qa8+ Kb3 69. Qd5+ Ka3 70. Qa5+ Kb3 71. Nd5 Qxd3+ 72. Kf4 Qd2+
73. Ke5 Re1+ 74. Kd6 Qh6+ 75. Kc5 Rc1+ 76. Kxd4 Qg7+ 77. Ke4 Rc4+ 78. Kf3 Qg4+
79. Kf2 Rc2+ 80. Ke3 Re2+ 0-1

[Event "57th Biel Rapid Open"]
[Site "Biel SUI"]
[Date "2024.07.14"]
[Round "4.14"]
[White "Gaehwiler, Gabriel"]
[Black "Pisan, Kai"]
[Result "0-1"]
[WhiteTitle "IM"]
[WhiteElo "2398"]
[BlackElo "2016"]
[WhiteFideId "1314530"]
[BlackFideId "39904881"]
[EventDate "2024.07.14"]
[EventType "swiss"]

1. d4 d5 2. c4 c6 3. Nf3 Nf6 4. Nbd2 Bf5 5. Nh4 Be4 6. Nhf3 e6 7. g3 h6 8. Bg2
Bh7 9. O-O Be7 10. b3 O-O 11. Bb2 Nbd7 12. Ne1 a5 13. a3 Qb6 14. Nc2 dxc4 15.
Ne3 cxb3 16. Ndc4 Qc7 17. Qxb3 Ra6 18. Rfc1 Nb6 19. Ne5 a4 20. Qa2 Rd8 21. Nf1
Be4 22. f3 Bd5 23. Qb1 Nbd7 24. Nd3 Rb6 25. Qc2 Ra8 26. Bc3 Bb3 27. Qd2 Rb5 28.
Nb4 Nd5 29. Nxd5 exd5 30. e4 Bc4 31. Ne3 Rb3 32. Nf5 Bf8 33. e5 Rxa3 34. g4 b5
35. g5 Rxc3 36. Rxc3 b4 37. Rcc1 b3 38. gxh6 g6 39. e6 Nf6 40. h7+ Nxh7 41. Nh6+
Bxh6 42. Qxh6 b2 0-1

[Event "57th Biel Rapid Open"]
[Site "Biel SUI"]
[Date "2024.07.14"]
[Round "4.15"]
[White "Juksta, Karolis"]
[Black "Musaelyan, Arshavir"]
[Result "1-0"]
[WhiteTitle "IM"]
[WhiteElo "2400"]
[BlackElo "1981"]
[WhiteFideId "12809039"]
[BlackFideId "1332082"]
[EventDate "2024.07.14"]
[EventType "swiss"]

1. d4 Nf6 2. c4 c5 3. d5 b5 4. cxb5 a6 5. e3 axb5 6. Bxb5 Qa5+ 7. Nc3 Bb7 8. Bd2
Qb6 9. Nf3 Nxd5 10. a4 e6 11. O-O Be7 12. e4 Nb4 13. Ne5 Qc7 14. Bf4 N4c6 15.
Ng6 e5 16. Nd5 Qd6 17. Nxh8 exf4 18. Qh5 Ne5 19. Qxh7 Bxd5 20. Rad1 Nbc6 21.
Rxd5 Qe6 22. Qxg7 O-O-O 23. Bxc6 Bf6 24. Bxd7+ Rxd7 25. Qf8+ Bd8 26. Qxc5+ Rc7 1-0

[Event "57th Biel Rapid Open"]
[Site "Biel SUI"]
[Date "2024.07.14"]
[Round "4.16"]
[White "Haimovich, Tal"]
[Black "Rotunno, Flavio"]
[Result "1-0"]
[WhiteTitle "IM"]
[WhiteElo "2324"]
[BlackElo "2168"]
[WhiteFideId "2801698"]
[BlackFideId "1338528"]
[EventDate "2024.07.14"]
[EventType "swiss"]

1. Nf3 Nf6 2. b3 d5 3. Bb2 e6 4. e3 Be7 5. c4 O-O 6. Be2 b6 7. O-O Bb7 8. d4
Nbd7 9. Nbd2 c5 10. cxd5 Nxd5 11. Rc1 Rc8 12. Nc4 cxd4 13. Bxd4 N7f6 14. Bd3 Nb4
15. Bb1 Bd5 16. Nfe5 b5 17. Nd2 Rxc1 18. Qxc1 Qa8 19. f3 Rc8 20. Qb2 Nc6 21.
Nxc6 Bxc6 22. Rc1 a6 23. b4 Bd7 24. a3 Rxc1+ 25. Qxc1 Qc6 26. Qb2 Ne8 27. Nb3 f6
28. Bc5 Bd8 29. Qd2 g6 30. Nd4 Qc8 31. Ba2 Bc7 32. Ne2 Kg7 33. f4 e5 34. Qd5 1-0

[Event "57th Biel Rapid Open"]
[Site "Biel SUI"]
[Date "2024.07.14"]
[Round "4.17"]
[White "Wilhelm, Serge"]
[Black "Arcuti, Davide"]
[Result "0-1"]
[BlackTitle "IM"]
[WhiteElo "1916"]
[BlackElo "2398"]
[WhiteFideId "1305808"]
[BlackFideId "1323725"]
[EventDate "2024.07.14"]
[EventType "swiss"]

1. d4 Nf6 2. Bg5 d5 3. e3 Ne4 4. Bf4 c5 5. Bd3 Qb6 6. Bxe4 dxe4 7. Nc3 cxd4 8.
exd4 Qxb2 9. Nge2 Qb6 10. O-O e6 11. Nxe4 Be7 12. N2g3 O-O 13. Nh5 Nd7 14. Rb1
Qc6 15. Re1 g6 16. Nhg3 b6 17. Bh6 Re8 18. Rb3 Bb7 19. f3 Rac8 20. Rc3 Qd5 21.
a4 Rxc3 22. Nxc3 Qa5 23. Qd2 Bb4 24. Nge2 Rc8 25. d5 Bxc3 26. Nxc3 Qxc3 27. Qxc3
Rxc3 28. dxe6 fxe6 29. Rxe6 Kf7 30. Re2 Bc6 31. Bg5 Nf6 32. a5 bxa5 33. Re5 Nd5
34. h4 a4 0-1

[Event "57th Biel Rapid Open"]
[Site "Biel SUI"]
[Date "2024.07.14"]
[Round "4.19"]
[White "Kheerthi, Ganta"]
[Black "Peycheva, Gergana"]
[Result "1-0"]
[WhiteTitle "WFM"]
[BlackTitle "FM"]
[WhiteElo "1918"]
[BlackElo "2261"]
[WhiteFideId "25626280"]
[BlackFideId "2916711"]
[EventDate "2024.07.14"]
[EventType "swiss"]

1. d4 d5 2. Nf3 Nf6 3. e3 e6 4. Bd3 c5 5. b3 Nc6 6. Bb2 b6 7. Nbd2 Bb7 8. O-O
Bd6 9. Ne5 Qc7 10. f4 O-O 11. Nxc6 Qxc6 12. dxc5 Be7 13. cxb6 d4 14. e4 Qxb6 15.
Rf3 Rfd8 16. Rh3 g6 17. Qe1 h5 18. Nc4 Qc7 19. Bc1 Ng4 20. Bd2 Re8 21. Rf3 Bc5
22. h3 Nf6 23. Kh1 Bf8 24. Qe2 Bg7 25. Raf1 Nd7 26. Rg3 Nf6 27. e5 Nd5 28. Nd6
Red8 29. Nxb7 Qxb7 30. Rgf3 a5 31. a4 Qc7 32. g4 hxg4 33. hxg4 Kf8 34. Kg2 Ke7
35. f5 gxf5 36. Bg5+ f6 37. exf6+ Bxf6 38. Bxf6+ Kxf6 39. Bxf5 exf5 40. Rxf5+
Kg7 41. Rg5+ Kh6 42. Qe6+ Kxg5 43. Rf5+ Kxg4 44. Qg6+ 1-0

[Event "57th Biel Rapid Open"]
[Site "Biel SUI"]
[Date "2024.07.14"]
[Round "4.20"]
[White "Rait, Albert"]
[Black "Schlegel, Igor"]
[Result "0-1"]
[BlackTitle "FM"]
[WhiteElo "1932"]
[BlackElo "2233"]
[WhiteFideId "16289161"]
[BlackFideId "1334956"]
[EventDate "2024.07.14"]
[EventType "swiss"]

1. b4 e6 2. Bb2 Nf6 3. b5 d5 4. e3 Bd6 5. Nf3 O-O 6. c4 a6 7. a4 Re8 8. Nc3 Nbd7
9. d4 dxc4 10. Bxc4 axb5 11. axb5 Rxa1 12. Qxa1 e5 13. Qa2 Qe7 14. h3 exd4 15.
Nxd4 Ne5 16. Be2 c5 17. bxc6 bxc6 18. Qb1 c5 19. Nf3 Bb7 20. Nxe5 Bxe5 21. O-O
Rb8 22. Qc2 Bxg2 23. Kxg2 Qb7+ 24. Bf3 Qxb2 25. Qxb2 Rxb2 26. Na4 Rc2 27. Rd1 g5
28. Rd8+ Kg7 29. Rc8 Bd6 30. Nb6 h5 31. Rc6 Be5 32. Nd5 g4 33. hxg4 Nxg4 34.
Bxg4 hxg4 35. Nb4 Rc3 36. Nd5 Rc1 37. Ne7 f6 38. Nf5+ Kg6 39. Ne7+ Kg5 40. f4+
gxf3+ 41. Kxf3 c4 42. Nd5 c3 43. Nb4 Rd1 44. Ke2 Rd2+ 45. Kf3 Kf5 46. e4+ Kg5
47. Ke3 Kg4 48. Nd5 Bd4# 0-1

[Event "57th Biel Rapid Open"]
[Site "Biel SUI"]
[Date "2024.07.14"]
[Round "4.21"]
[White "Jud, Marc"]
[Black "Georgescu, Lena"]
[Result "1/2-1/2"]
[BlackTitle "FM"]
[WhiteElo "1925"]
[BlackElo "2209"]
[WhiteFideId "1309099"]
[BlackFideId "1331973"]
[EventDate "2024.07.14"]
[EventType "swiss"]

1. d4 Nf6 2. Nf3 d5 3. g3 c5 4. e3 Nc6 5. Bg2 Bg4 6. h3 Bh5 7. O-O e6 8. b3 cxd4
9. exd4 Be7 10. Bb2 O-O 11. Nbd2 Rc8 12. a3 Qb6 13. g4 Bg6 14. Rc1 Ne4 15. Nxe4
Bxe4 16. c3 Na5 17. Nd2 Bxg2 18. Kxg2 Bd6 19. f4 f6 20. b4 Nc4 21. Nxc4 Rxc4 22.
Qf3 Qc6 23. Rce1 e5 24. fxe5 fxe5 25. Qe2 e4 26. Rxf8+ Bxf8 27. Qd2 Qe6 28. Qf2
Rc7 29. Rf1 Rf7 30. Qxf7+ Qxf7 31. Rxf7 Kxf7 32. Kf2 Ke6 33. Bc1 Bd6 34. a4 a6
35. Be3 b5 36. axb5 axb5 37. Bg5 g6 38. Be3 h5 39. Kg2 Kf6 40. Kf2 Kg7 41. Bg5
Kh7 42. Ke2 Bf8 43. Bf4 Bh6 44. Be5 Kg8 45. Bg3 Kf7 46. Be5 Ke6 47. Bg3 Bc1 48.
Kd1 Bg5 49. Ke2 Kd7 50. Be5 Kc6 51. Bg3 Kd7 52. Be5 Ke6 53. Bg3 h4 54. Bf2 Kf6
55. Be1 Ke6 56. Bf2 Kf7 57. Bg1 Bf4 58. Bf2 g5 59. Bg1 Ke6 60. Bf2 Kd6 61. Bg1
Ke7 62. Bf2 Kf6 63. Bg1 Bg3 64. Be3 Kg6 65. Bd2 Bf4 66. Be1 e3 67. Kd3 Kf7 68.
Ke2 Ke6 69. Kf3 Kd6 70. Ke2 Kc6 71. Kf3 Kd7 72. Ke2 Ke7 73. Kf3 Kf6 74. Ke2 Kg6
75. Kf3 Kg7 76. Ke2 Kf7 77. Kf3 Ke6 78. Ke2 Kf6 79. Kf3 Ke6 1/2-1/2

[Event "57th Biel Rapid Open"]
[Site "Biel SUI"]
[Date "2024.07.14"]
[Round "4.22"]
[White "Chinguun, Sumiya"]
[Black "Tellarini, Lorenzo"]
[Result "1-0"]
[WhiteTitle "FM"]
[WhiteElo "2377"]
[BlackElo "2002"]
[WhiteFideId "4902572"]
[BlackFideId "28548655"]
[EventDate "2024.07.14"]
[EventType "swiss"]

1. e4 c5 2. Nc3 e6 3. f4 d5 4. Nf3 d4 5. Bb5+ Bd7 6. Bxd7+ Qxd7 7. Ne5 Qd8 8.
Ne2 Nf6 9. d3 Bd6 10. Nc4 Bc7 11. a4 Nc6 12. O-O O-O 13. f5 e5 14. Bg5 h6 15.
Bh4 a6 16. Ng3 b5 17. axb5 axb5 18. Rxa8 Qxa8 19. Bxf6 gxf6 20. Qg4+ Kh8 21. Qh4
Kh7 22. Nh5 Bd8 23. Nb6 Bxb6 24. Qxf6 Rg8 25. Qxf7+ Kh8 26. Nf6 Rg7 27. Qh5 Rh7
28. Qg6 1-0

[Event "57th Biel Rapid Open"]
[Site "Biel SUI"]
[Date "2024.07.14"]
[Round "4.23"]
[White "Nurgaliyeva, Zarina"]
[Black "Tkhoruk, Roman"]
[Result "1-0"]
[WhiteTitle "WFM"]
[WhiteElo "2135"]
[BlackElo "1965"]
[WhiteFideId "13730096"]
[BlackFideId "34161589"]
[EventDate "2024.07.14"]
[EventType "swiss"]

1. e4 c6 2. d4 d5 3. e5 Bf5 4. Nd2 e6 5. Nb3 Nd7 6. Nf3 h6 7. Be2 Ne7 8. O-O Nc8
9. Ne1 Be7 10. Bd3 Bxd3 11. Nxd3 O-O 12. Qg4 Kh7 13. f4 b6 14. f5 exf5 15. Qxf5+
g6 16. Qh3 h5 17. Nf4 h4 18. Bd2 c5 19. Nxd5 c4 20. Nc1 Nxe5 21. Nxe7 Nxe7 22.
Qxh4+ Kg8 23. Bg5 Nf5 24. Rxf5 f6 25. Rxf6 Rxf6 26. Bxf6 1-0

[Event "57th Biel Rapid Open"]
[Site "Biel SUI"]
[Date "2024.07.14"]
[Round "4.24"]
[White "Erne, Raphael"]
[Black "Tcheau, Alain"]
[Result "1-0"]
[WhiteElo "2108"]
[BlackElo "1991"]
[WhiteFideId "1341928"]
[BlackFideId "1306014"]
[EventDate "2024.07.14"]
[EventType "swiss"]

1. c4 e6 2. g3 d5 3. Bg2 f5 4. Nf3 Nc6 5. cxd5 exd5 6. O-O Nf6 7. d3 Be7 8. Bf4
O-O 9. Nbd2 Bd6 10. Bg5 h6 11. Be3 Be6 12. Nb3 Nh5 13. Nc5 Bc8 14. Qb3 Bxc5 15.
Bxc5 Re8 16. Nh4 Nf6 17. Rfe1 Na5 18. Qc3 b6 19. Bd4 Be6 20. b4 Nb7 21. Qc6 Rb8
22. Rac1 Re7 23. Bxf6 gxf6 24. Ng6 Re8 25. Nf4 Bf7 26. Bxd5 Bxd5 27. Nxd5 Nd6
28. Nxc7 Re7 29. Qd5+ Nf7 30. Qxd8+ Rxd8 31. Nb5 Rdd7 32. Rc2 a6 33. Nc3 Ne5 34.
Kf1 Kg7 35. Na4 Rb7 36. Rec1 b5 37. Nc5 Ra7 38. Nb3 Kg6 39. Na5 Red7 40. a3 Nf7
41. Rc8 Nd6 42. R8c6 Kf7 43. Rb6 Ne8 44. Rcc6 Ke7 45. Rxa6 Rxa6 46. Rxa6 Rc7 47.
Rc6 Rd7 48. Kg2 Nd6 49. Kf3 Nf7 50. Rb6 Nd6 51. Kf4 Rc7 52. Rc6 Ra7 53. Rc5 Ke6
54. e4 fxe4 55. dxe4 Rg7 56. Rh5 Rg6 57. Nb3 Nc4 58. Nd4+ Kf7 59. Nxb5 Rg5 60.
Rxg5 hxg5+ 61. Kf3 Ke6 62. Nd4+ Ke5 63. Nc6+ Kd6 64. Nd4 Ke5 65. Ne2 Nxa3 66. h4
gxh4 67. gxh4 Nc2 68. b5 Nb4 69. h5 f5 70. Ng3 fxe4+ 71. Nxe4 Kf5 72. b6 Nc6 73.
Ng3+ Kg5 74. Ke4 Nb8 75. Kd5 Nd7 76. Kc6 Nb8+ 77. Kb7 Nd7 78. Kc7 Nxb6 79. Kxb6
Kh6 80. Kc5 Kh7 81. Kd6 Kg7 82. Ke6 Kh8 83. Kf6 Kg8 84. Kg6 Kh8 85. Ne4 Kg8 86.
Ng5 Kh8 87. h6 Kg8 88. h7+ Kh8 89. Nf7# 1-0

[Event "57th Biel Rapid Open"]
[Site "Biel SUI"]
[Date "2024.07.14"]
[Round "4.25"]
[White "Papaux, Steve"]
[Black "Mkrtchyan, Anahit D."]
[Result "1/2-1/2"]
[WhiteElo "2228"]
[BlackElo "1831"]
[WhiteFideId "1337602"]
[BlackFideId "13307533"]
[EventDate "2024.07.14"]
[EventType "swiss"]

1. Nf3 Nf6 2. g3 d5 3. d4 Bf5 4. Bg2 e6 5. O-O Be7 6. c4 c6 7. Nc3 O-O 8. Nh4
Bg6 9. Nxg6 hxg6 10. b3 Nbd7 11. Bb2 Nb6 12. Qd3 a5 13. e4 dxe4 14. Nxe4 Nxe4
15. Bxe4 Bf6 16. Rad1 Qc7 17. Qf3 a4 18. Bc1 axb3 19. axb3 Rfd8 20. Be3 Ra3 21.
Bf4 Qe7 22. c5 Nd5 23. Bd6 Qd7 24. h4 Nc7 25. h5 gxh5 26. Kg2 h4 27. Rh1 Nb5 28.
Be5 Qe7 29. Qh5 g6 30. Bxg6 fxg6 31. Qxg6+ Qg7 32. Qxf6 Qxf6 33. Bxf6 Rf8 34.
Bxh4 Rxb3 35. g4 Rf4 36. g5 Rg4+ 37. Bg3 Rxg5 38. Rh6 Kf7 39. Rh7+ Rg7 40. Rdh1
Rb4 41. Rxg7+ Kxg7 42. Be5+ Kg6 43. Rh4 Nc3 44. Rg4+ Kh5 45. Rg7 Ne2 46. Rd7 Kg4
47. f3+ Kf5 48. Kf2 Nc3 49. Rf7+ Kg5 50. Re7 Kf5 51. Rh7 Nd5 52. Kg3 Nc3 53.
Rf7+ Kg5 54. f4+ Kh5 55. Rh7+ Kg6 56. Rg7+ Kh5 57. Kf2 Nd5 58. Rg5+ Kh6 59. Rg8
Rb2+ 60. Kf3 Rb3+ 61. Kf2 Rb2+ 62. Kg3 Rb1 63. Re8 Rb3+ 64. Kh4 Rb1 65. Rxe6+
Kh7 66. Rd6 Ne3 67. Kg5 Rg1+ 68. Kf6 Nd5+ 69. Rxd5 cxd5 70. Ke6 Rg6+ 71. Kxd5
Kg8 72. f5 Rc6 73. Bd6 Kf7 74. Ke5 Rc8 75. f6 Rc6 76. d5 Rc8 77. Be7 Ra8 78. Kd6
Ra1 79. Kc7 Rc1 80. Kxb7 Ke8 81. Kc7 Rd1 82. d6 Rc1 83. d7+ Kf7 84. c6 Rd1 85.
d8=Q 1/2-1/2

[Event "57th Biel Rapid Open"]
[Site "Biel SUI"]
[Date "2024.07.14"]
[Round "4.26"]
[White "Coletta, Stephane"]
[Black "Bex, Pierre-Alain"]
[Result "0-1"]
[WhiteElo "1918"]
[BlackElo "2119"]
[WhiteFideId "1309056"]
[BlackFideId "1300814"]
[EventDate "2024.07.14"]
[EventType "swiss"]

1. c4 e5 2. Nc3 Nc6 3. Nf3 f5 4. e3 Nf6 5. d4 e4 6. Ne5 Nxe5 7. dxe5 Ng4 8. Nxe4
Nxe5 9. Nc3 d6 10. Be2 Be6 11. b3 g6 12. Bb2 Bg7 13. Qd2 O-O 14. O-O Qh4 15.
Rad1 Rf7 16. Nb5 Raf8 17. Nd4 Bd7 18. Nf3 Nxf3+ 19. Bxf3 Bxb2 20. Qxb2 Bc6 21.
g3 Qh3 22. Bd5 Bxd5 23. Rxd5 g5 24. Rfd1 h6 25. f4 Re7 26. Qf2 Rfe8 27. Qg2
Qxg2+ 28. Kxg2 Rxe3 29. fxg5 Re2+ 30. Kh3 hxg5 31. Rxf5 g4+ 32. Kxg4 Rxh2 33.
Rdf1 Re7 34. Rf8+ Kg7 35. R8f5 Rh6 36. Rg5+ Rg6 37. Rxg6+ Kxg6 38. Rf2 Re3 39.
Kf4 Rc3 40. Re2 Kf7 41. g4 a5 42. g5 a4 43. Ke4 axb3 44. axb3 Rxb3 45. Rf2+ Kg6
46. Rg2 Rh3 47. Rb2 b6 48. Kd5 Kxg5 49. Kc6 Rh7 50. Rb5+ Kf4 51. Rd5 Ke4 52. Kb5
Rh2 53. Rg5 Rb2+ 54. Kc6 Rb4 55. Rg4+ Kd3 56. Kd5 c6+ 57. Kxd6 Rxc4 58. Rg3+ Kc2
59. Rg8 b5 60. Rb8 Kb3 61. Rb6 b4 62. Ke5 c5 63. Kd5 Rc1 64. Rb5 Ka4 65. Rxc5
Rxc5+ 66. Kxc5 b3 0-1

[Event "57th Biel Rapid Open"]
[Site "Biel SUI"]
[Date "2024.07.14"]
[Round "4.27"]
[White "Lang, Fabian"]
[Black "Illijin, Neboisa"]
[Result "0-1"]
[BlackTitle "IM"]
[WhiteElo "1957"]
[BlackElo "2141"]
[WhiteFideId "1310160"]
[BlackFideId "1200798"]
[EventDate "2024.07.14"]
[EventType "swiss"]

1. d4 Nf6 2. Nf3 e6 3. e3 c5 4. Bd3 d5 5. c3 Nc6 6. Nbd2 Be7 7. dxc5 Bxc5 8. O-O
O-O 9. e4 e5 10. exd5 Qxd5 11. Qc2 Bg4 12. Ne4 Bxf3 13. Nxf6+ gxf6 14. Bxh7+ Kh8
15. gxf3 Rg8+ 0-1

[Event "57th Biel Rapid Open"]
[Site "Biel SUI"]
[Date "2024.07.14"]
[Round "4.28"]
[White "Menzi, Jonas"]
[Black "Doxarve, Nils"]
[Result "1-0"]
[WhiteElo "2100"]
[BlackElo "1999"]
[WhiteFideId "1345133"]
[BlackFideId "1340000"]
[EventDate "2024.07.14"]
[EventType "swiss"]

1. e4 e5 2. Nf3 Nf6 3. Nxe5 d6 4. Nf3 Nxe4 5. d3 Nf6 6. d4 d5 7. Bd3 Bd6 8. Qe2+
Qe7 9. Qxe7+ Bxe7 10. Bf4 c5 11. dxc5 Bxc5 12. O-O O-O 13. Nbd2 Nc6 14. c3 Bg4
15. Nb3 Bb6 16. Ne5 Bh5 17. h3 Rfe8 18. Rfe1 Ne4 19. Bxe4 dxe4 20. Nd7 f5 21.
Nxb6 axb6 22. Bc7 b5 23. a3 Rac8 24. Bf4 Bf7 25. Nc5 Na5 26. b4 Nb3 27. Nxb3
Bxb3 28. Rec1 Kf7 29. Be3 Rc6 30. Bd4 g5 31. Rcb1 Bc4 32. a4 bxa4 33. Rxa4 b5
34. Ra7+ Re7 35. Rba1 Rcc7 36. Rxc7 Rxc7 37. Ra6 Be6 38. Rb6 Bd7 39. Rf6+ Kg8
40. Rb6 Rc6 41. Rxb5 Rxc3 42. Rb8+ Rc8 43. Rb7 Be6 44. Rg7+ Kf8 45. Rxh7 Rc1+
46. Kh2 Rc4 47. Bc5+ Kg8 48. Re7 Bf7 49. Re5 Bg6 50. g4 fxg4 51. hxg4 Kf7 52.
Rxg5 Kf6 53. Rd5 e3 54. g5+ Ke6 55. Rd6+ Kf5 56. fxe3 Kxg5 57. Kg3 Rg4+ 58. Kf2
Be4 59. Ke1 Rg2 60. b5 Kg4 61. Rf6 Rc2 62. Bd4 Rc7 63. b6 Rb7 64. Kd2 Kg5 65.
Rf2 Kg6 66. Kc3 Bf5 67. Rg2+ Kh5 68. Kb4 Be4 69. Rg1 Bd3 70. Kc5 Be4 71. Kb5 Bf3
72. Ka6 Be4 73. Rg7 Rxg7 74. Bxg7 Kg6 75. Bd4 Kf5 76. b7 1-0

[Event "57th Biel Rapid Open"]
[Site "Biel SUI"]
[Date "2024.07.14"]
[Round "4.29"]
[White "Villiger, Jan"]
[Black "Olarte, Stefan"]
[Result "0-1"]
[WhiteElo "1805"]
[BlackElo "1902"]
[WhiteFideId "1340891"]
[BlackFideId "1356232"]
[EventDate "2024.07.14"]
[EventType "swiss"]

1. e4 g6 2. d4 Bg7 3. Nf3 a6 4. a4 c5 5. d5 d6 6. Nc3 e5 7. Be2 h6 8. Be3 f5 9.
O-O f4 10. Bd2 g5 11. Ne1 h5 12. Bxh5+ Kf8 13. Bg4 Nd7 14. h3 Ndf6 15. Bxc8 Rxc8
16. f3 Nh5 17. Ne2 Ne7 18. c4 Ng6 19. b4 cxb4 20. Bxb4 Qb6+ 21. c5 Qxb4 22. Nd3
Qa5 23. Rb1 dxc5 24. Rxb7 c4 25. Nb4 Qc5+ 26. Kh1 Ng3+ 27. Nxg3 fxg3 28. Qe1 Rc7
29. Rxc7 Qxc7 30. Qxg3 a5 31. Nc6 Bf6 32. Rc1 Qb6 33. Rxc4 Qb1+ 34. Kh2 Nf4 35.
Nxa5 Qf1 36. Rc8+ Kg7 37. Rxh8 Ne2 0-1

[Event "57th Biel Rapid Open"]
[Site "Biel SUI"]
[Date "2024.07.14"]
[Round "4.30"]
[White "Lyutsinger, Iren"]
[Black "Materia, Mario"]
[Result "1-0"]
[WhiteElo "2088"]
[BlackElo "1590"]
[WhiteFideId "34425969"]
[BlackFideId "651082241"]
[EventDate "2024.07.14"]
[EventType "swiss"]

1. e4 e5 2. Nf3 Nc6 3. Bb5 a6 4. Ba4 Nf6 5. O-O Be7 6. Re1 b5 7. Bb3 d6 8. c3
O-O 9. h3 Nb8 10. d4 Nbd7 11. Nbd2 Bb7 12. Bc2 Re8 13. Nf1 Bf8 14. Ng3 g6 15.
Bd2 h6 16. Qc1 Kh7 17. Nh2 Bg7 18. f4 Rc8 19. Nf3 c6 20. Kh1 Qc7 21. a4 Rcd8 22.
Qb1 c5 23. fxe5 dxe5 24. d5 Nb6 25. axb5 axb5 26. b3 Ra8 27. Qb2 Rxa1 28. Rxa1
Ra8 29. Rxa8 Bxa8 30. Be3 Bf8 31. Bd3 Bd6 32. Bxb5 Qb8 33. Bd3 Nbd7 34. Qa2 Bb7
35. Nd2 Qc7 36. Nc4 Be7 37. Qa7 Qc8 38. Na5 c4 39. Bxc4 Bc5 40. Bxc5 Nxc5 41.
Nxb7 Nxb7 42. Qb6 Nd7 43. Qc6 Qxc6 44. dxc6 Nd8 45. cxd7 1-0

[Event "57th Biel Rapid Open"]
[Site "Biel SUI"]
[Date "2024.07.14"]
[Round "4.31"]
[White "Jordan, Theodor"]
[Black "Sadeghi, Hassan Roger"]
[Result "0-1"]
[WhiteElo "1894"]
[BlackElo "2057"]
[WhiteFideId "1353152"]
[BlackFideId "1304712"]
[EventDate "2024.07.14"]
[EventType "swiss"]

1. e4 Nc6 2. d4 d5 3. exd5 Qxd5 4. Nf3 e5 5. Nc3 Bb4 6. Bd2 Bxc3 7. Bxc3 e4 8.
Ne5 Nxe5 9. dxe5 Ne7 10. Be2 Be6 11. O-O O-O-O 12. Bg4 Qxd1 13. Bxe6+ fxe6 14.
Raxd1 Rxd1 15. Rxd1 Rd8 16. Re1 Nd5 17. Bd4 Nb4 18. c3 Nc2 19. Rd1 c5 20. Rd2
Nxd4 21. cxd4 Rxd4 22. Rxd4 cxd4 23. Kf1 Kd7 24. Ke2 Kc6 25. f3 Kd5 26. f4 g5
27. g3 g4 28. Kd2 a6 29. Ke2 b6 30. Kd2 b5 31. b3 b4 32. Ke2 d3+ 33. Ke3 a5 34.
Kd2 Kd4 35. Kd1 e3 36. Ke1 Ke4 37. Kf1 Kf3 38. Ke1 d2+ 39. Kd1 Kf2 40. f5 exf5
41. e6 e2+ 0-1

[Event "57th Biel Rapid Open"]
[Site "Biel SUI"]
[Date "2024.07.14"]
[Round "4.33"]
[White "Frey, Fabian"]
[Black "Primbetova, Raikhan"]
[Result "1-0"]
[WhiteElo "2184"]
[BlackElo "1534"]
[WhiteFideId "1336487"]
[BlackFideId "13733494"]
[EventDate "2024.07.14"]
[EventType "swiss"]

1. c4 c5 2. Nf3 Nf6 3. g3 g6 4. Bg2 Bg7 5. O-O O-O 6. d3 d6 7. Nc3 Nc6 8. a3 a6
9. Rb1 Rb8 10. b4 cxb4 11. axb4 b5 12. cxb5 axb5 13. Bg5 d5 14. Qd2 d4 15. Bxf6
Bxf6 16. Ne4 Bg7 17. Rfc1 Qb6 18. Qc2 Ne5 19. Nxe5 Bxe5 20. Qc5 Qxc5 21. bxc5
Bf5 22. c6 Bxe4 23. Bxe4 Bc7 24. Rc5 b4 25. Rc4 e5 26. Rcxb4 Rxb4 27. Rxb4 Rb8
28. Ra4 Rb1+ 29. Kg2 Kg7 30. Ra7 Bb6 31. Rb7 Rb4 32. Rxb6 Rxb6 33. c7 1-0